Name a Country in the Americas A-Z - Statistics

General Stats
  • This quiz has been taken 5,835 times
  • The average score is 14 of 15
Answer Stats
Hint Answer % Correct
B Brazil, Bahamas, Belize...
100%
C Canada, Chile, Cuba...
100%
H Haiti, Honduras
97%
P Panama, Paraguay, Peru
97%
U United States, Uruguay
97%
A Antigua and Barbuda, Argentina
96%
E El Salvador, Ecuador
96%
G Guyana, Grenada, Guatemala
96%
J Jamaica
96%
V Venezuela
94%
D Dominican Republic, Dominica
93%
M Mexico
91%
S St Lucia, Suriname, St Kitts and Nevis...
91%
N Nicaragua
90%
T Trinidad and Tobago
86%
No matching quizzes found
Score Distribution
Percent of People with Each Score
Percentile by Number Answered
Your Score History
You have not taken this quiz